Statistiques concernant Noms de pays dérivés d'un prénom ou d'un nom

Cliquez ici pour prendre le quiz!

Statistiques générales

  • Ce quiz a été pris 201 fois
  • Le résultat moyen est 6 sur 19

Statistiques - réponses

Pays% Correct
Sainte-Lucie
73%
Saint-Christophe et Nieves
71%
Saint-Vincent et les Grenadines
69%
Saint-Marin
49%
Colombie
45%
Maurice
42%
République dominicaine
38%
Bolivie
36%
Sao Tome et Principe
36%
Marshall
35%
Salomon
32%
Philippines
30%
Géorgie
20%
Israel
17%
Seychelles
17%
Kiribati
13%
Arabie Saoudite
12%
Nicaragua
4%
Mozambique
3%

Distribution des résultats

Percentile par nombre de réponses

% des personnes avec chaque résultat

Votre développement - résultats

Vous n’avez pas pris ce quiz